Die Gattung Candona (Ostracoda) im Quartär von Europa

Bibliographic Details
Main Author: Absolon, Adolf, 1937- (Author)
Format: Book
Language:English
PhysicalDescription:75 s.
Published: Praha Academia 1978

MARC

LEADER 00000nam a2200000 a 4500
001 vtls001523662
003 SK-MaSNL
005 20260301015618.0
008 240315 000 0 eng
040 |a SNK  |b slo  |c SNK  |e AACR2 
100 1 |a Absolon, Adolf,  |d 1937-  |4 aut  |9 103424 
245 1 4 |a Die Gattung Candona (Ostracoda) im Quartär von Europa 
260 |a Praha  |b Academia  |c 1978 
300 |a 75 s. 
999 |c 561113  |d 563043 
952 |a SNK  |b SNK  |y VYP  |7 0  |p 17A0466221  |o snkIC 73175  |i snkKIP 5767/78  |3 Rekatalogizácia  |0 0  |1 0  |4 0  |d 2005-04-13  |l 0  |r 2026-02-23 13:41:47  |w 2026-02-23